|
|
|
|
| LEADER |
00000nab a2200000 a 4500 |
| 001 |
vtls011725588 |
| 003 |
SK-MaSNL |
| 005 |
20260318115216.0 |
| 008 |
171205c2017 xo br n ||00 c0ukr |
| 015 |
|
|
|a SNBRB2017/12
|
| 038 |
|
|
|a SVKPOCL
|
| 040 |
|
|
|a SVKPOCL
|b slo
|c SVKPOCL
|e AACR2
|
| 041 |
0 |
|
|a ukr
|
| 044 |
|
|
|a xo
|c SK
|
| 080 |
|
|
|a 821.161.25(437.6):002.2
|2 2011
|
| 080 |
|
|
|a 82:002.2
|2 2011
|
| 080 |
|
|
|a 821.161.25(437.6)-051:002.2
|2 2011
|
| 080 |
|
|
|a 80(=16)+908(4)
|2 2011
|
| 080 |
|
|
|a 80(=161.25)+908(437.6)
|2 2011
|
| 080 |
|
|
|a 821.161.25(437.6)(084.3-54)
|2 2011
|
| 080 |
|
|
|a (084.3-54)
|2 2011
|
| 080 |
|
|
|a 002.2
|2 2011
|
| 100 |
1 |
|
|a Zozuľák, Alexander,
|d 1953-
|4 aut
|9 103738
|
| 245 |
1 |
0 |
|a Nova knyžka Mykolaja Ksenjaka
|c [autor] -az-
|
| 300 |
|
|
|b Fotogr.
|
| 500 |
|
|
|a V rubrike Aktualno
|
| 500 |
|
|
|a Odkrytie akronymu je s autorovým súhlasom
|
| 500 |
|
|
|a Kniha Kseňák, Mikuláš Rezonanciji na knyžky i podiji bola vydaná v rusínčine (Prešov, Akadémia rusínskej kultúry v Slovenskej republike, 2017, 154 s.)
|
| 600 |
1 |
7 |
|a Kseňák, Mikuláš,
|d 1933-2020
|t Rezonanciji na knyžky i podiji
|2 svkpocl
|9 1604649
|
| 600 |
1 |
7 |
|a Kseňák, Mikuláš,
|d 1933-2020
|2 SNKMA
|9 203679
|
| 630 |
0 |
7 |
|a Rezonanciji na knyžky i podiji (zborník)
|2 svkpocl
|9 1604650
|
| 648 |
|
7 |
|a 31.3.2017
|2 svkpocl
|9 1339046
|
| 650 |
0 |
7 |
|a rusinistika
|2 SNKPH
|9 90871
|
| 650 |
0 |
7 |
|a Rusíni
|2 SNKPH
|9 4087
|
| 650 |
0 |
7 |
|a rusínski spisovatelia
|2 svkpocl
|9 490645
|
| 650 |
0 |
7 |
|a spisovatelia
|2 SNKPH
|9 4982
|
| 650 |
0 |
7 |
|a básnici
|2 SNKPH
|9 31099
|
| 650 |
0 |
7 |
|a zborníky
|2 SNKPHbucl
|9 108488
|
| 651 |
|
7 |
|a Prešov (Slovensko)
|2 SNKPH
|9 17347
|
| 773 |
0 |
|
|t NN info Rusyn : Narodnў novynkў Rusyniv Slovakiji
|g Roč. XIV (26), č. 7 (2017), s. 2
|x 2454-0013
|
| 852 |
|
|
|a SVKPO
|b KIS3GCP
|
| 856 |
4 |
2 |
|y Elektronický archív Info Rusyna je dostupný na: http://www.rusyn.sk
|
| 958 |
|
|
|a RN
|
| 958 |
|
|
|a SS
|
| 958 |
|
|
|a BX
|
| 958 |
|
|
|a LX
|
| 999 |
|
|
|c 3304841
|d 3306771
|